| 000 | 00577nam a2200181Ia 4500 | ||
|---|---|---|---|
| 008 | 140609s9999 xx 000 0 und d | ||
| 020 | _a9780760961643 | ||
| 050 |
_aLB 1029.06 _b.B854 2010 |
||
| 100 | _aBrigance, Albert H. | ||
| 245 |
_aBrigance inventory of early development II / _cAlbert H. Brigance |
||
| 260 |
_aNorth Billerica, MA : _bCurriculum Associates, _cc2010. |
||
| 300 |
_a427 p. : _bcol. ill. ; _c29x30 cm. |
||
| 500 | _aIncludes appendices. | ||
| 521 | _aSPED | ||
| 650 |
_aChildren with disabilities _xDevelopment. |
||
| 942 |
_kFOR _cBK |
||
| 999 |
_c118069 _d118069 |
||